[Event "RUS-chT U18"]
[Site "St Petersburg"]
[Date "2015.08.06"]
[Round "6.43"]
[White "Petrushev, Nikita"]
[Black "Arkhipkin, Ilya"]
[Result "1-0"]
[WhiteElo "2060"]
[BlackElo "1974"]
[PlyCount "35"]
[EventDate "2015.08.01"]
[EventType "team-swiss"]
[EventRounds "9"]
[EventCountry "RUS"]
[SourceTitle "CBM 167 Extra"]
[Source "ChessBase"]
[SourceDate "2015.09.14"]
[SourceVersion "1"]
[SourceVersionDate "2015.09.14"]
[SourceQuality "1"]
[WhiteTeam "Vasileostrovsky District"]
[BlackTeam "Moscow Palace Youth II"]
[WhiteTeamCountry "RUS"]
[BlackTeamCountry "RUS"]

1. e4 e6 2. d4 d5 3. Nc3 Bb4 4. e5 c5 5. a3 Bxc3+ 6. bxc3 Ne7 7. Qg4 Qc7 8. Bd3 0-0 9. Bg5 Nbc6 10. Nf3 Ng6 11. h4 c4 12. Bxg6 fxg6 13. h5 gxh5 14. Qxh5 h6 15. Qg4 Rxf3 16. Qxf3 hxg5 17. Kd2 Bd7 18. Rh8+ 1-0

[Event "EU-ch U10 23rd"]
[Site "Budva"]
[Date "2013.09.29"]
[Round "1"]
[White "Mitran, Anthony Cristian"]
[Black "Arkhipkin, Ilya"]
[Result "1-0"]
[WhiteElo "1525"]
[BlackElo "1918"]
[PlyCount "85"]
[EventDate "2013.09.29"]
[EventType "swiss"]
[EventRounds "9"]
[EventCountry "MNE"]
[SourceTitle "EXT 2014"]
[Source "ChessBase"]
[SourceDate "2013.11.20"]
[SourceVersion "1"]
[SourceVersionDate "2013.11.20"]
[SourceQuality "1"]

1. d4 Nf6 2. c4 e6 3. Nc3 Bb4 4. a3 Bxc3+ 5. bxc3 c5 6. Qc2 Nc6 7. Nf3 0-0 8. e4 d6 9. Bd3 e5 10. d5 Nb8 11. 0-0 Ne8 12. Be3 g6 13. Nd2 Ng7 14. f4 Nd7 15. Rab1 f6 16. Rb2 b6 17. Rb3 exf4 18. Bxf4 Ne5 19. Be2 Bd7 20. Rb2 Qe7 21. Nf3 Rae8 22. Rbb1 Rf7 23. Nxe5 dxe5 24. Bg3 Ref8 25. Bh4 Ne8 26. a4 g5 27. Bg3 Nd6 28. Ra1 a5 29. Rab1 Rb8 30. Kh1 Bc8 31. Bd3 Ba6 32. Qe2 Qd7 33. Ra1 Kg7 34. Kg1 Rff8 35. Kh1 Rh8 36. h4 h6 37. Kg1 Rhf8 38. Ra2 Rbe8 39. Raa1 Rb8 40. Ra2 Bc8 41. Raa1 Qg4 42. Qxg4 Bxg4 43. Ra2 1-0